skbl

Dr Suryya Kumar Bhuyan Library Web-OPAC
ডঃ সূৰ্য্য
কুমাৰ ভূঞা পুথিভঁৰাল ৱেব-অ'পেক

All Research Scholars are advised to clear the annual library fees to continue using Library Resources, Remote Access, Plagiarism Test and Library Clearance.

Cotton University Book Fair 2026

Essays: Moral, Political And Literary / (Record no. 51253)

MARC details
000 -LEADER
fixed length control field 00616nam a2200229Ia 4500
001 - CONTROL NUMBER
control field 51288
005 - DATE AND TIME OF LATEST TRANSACTION
control field 20240114005222.0
007 - PHYSICAL DESCRIPTION FIXED FIELD--GENERAL INFORMATION
fixed length control field ta
008 - FIXED-LENGTH DATA ELEMENTS--GENERAL INFORMATION
fixed length control field 090618s1912 g b000 u Eng u
040 ## - CATALOGING SOURCE
Original cataloging agency Cotton College Assam
041 ## - LANGUAGE CODE
Language code of text/sound track or separate title Eng
082 ## - DEWEY DECIMAL CLASSIFICATION NUMBER
Classification number 3204
Item number H 882 Es
100 ## - MAIN ENTRY--PERSONAL NAME
Personal name Home, David .
245 #0 - TITLE STATEMENT
Title Essays: Moral, Political And Literary /
Statement of responsibility, etc. David Home.
Medium Meeting Documents
250 ## - EDITION STATEMENT
Edition statement 1st ed. /
260 ## - PUBLICATION, DISTRIBUTION, ETC.
Place of publication, distribution, etc. New York :
Name of publisher, distributor, etc. Longmans Green & Co ,
Date of publication, distribution, etc. 1912.
300 ## - PHYSICAL DESCRIPTION
Extent 470p. ;
Dimensions 22 cm..
653 ## - INDEX TERM--UNCONTROLLED
Uncontrolled term Ref-Political Science
942 ## - ADDED ENTRY ELEMENTS (KOHA)
Source of classification or shelving scheme Dewey Decimal Classification
Koha item type Books
Holdings
Withdrawn status Lost status Damaged status Not for loan Collection Home library Current library Date acquired Coded location qualifier Total checkouts Full call number Barcode Date last seen Copy number Price effective from Koha item type
          Dr. Suryya Kumar Bhuyan Library Dr. Suryya Kumar Bhuyan Library 01/02/2012 00000   3204 H 882 Es 4879/New 14/01/2024 1 01/02/2012 Books

Designed and Maintained by Team SKBL
©1901-2026

Powered by Koha